Automotive fuels reference book / (Record no. 61139)

000 -LEADER
fixed length control field 01351pam a2200337 a 4500
001 - CONTROL NUMBER
control field 2085823
003 - CONTROL NUMBER IDENTIFIER
control field NUST-PNEC
005 - DATE AND TIME OF LATEST TRANSACTION
control field 20170116180715.0
008 - FIXED-LENGTH DATA ELEMENTS--GENERAL INFORMATION
fixed length control field 950110s1995 paua b 001 0 eng
010 ## - LIBRARY OF CONGRESS CONTROL NUMBER
LC control number 95003199
020 ## - INTERNATIONAL STANDARD BOOK NUMBER
International Standard Book Number 1560915897
040 ## - CATALOGING SOURCE
Transcribing agency PNEC
050 00 - LIBRARY OF CONGRESS CALL NUMBER
Classification number TP343
Item number .O89 1995
082 00 - DEWEY DECIMAL CLASSIFICATION NUMBER
Classification number 629.2538 OWE
Edition number 20
100 1# - MAIN ENTRY--PERSONAL NAME
Personal name Owen, K.
Fuller form of name (Keith)
245 10 - TITLE STATEMENT
Title Automotive fuels reference book /
Statement of responsibility, etc. Keith Owen and Trevor Coley ; with a chapter contributed by Christopher S. Weaver.
250 ## - EDITION STATEMENT
Edition statement 2nd ed.
260 ## - PUBLICATION, DISTRIBUTION, ETC.
Place of publication, distribution, etc. Warrendale, PA :
Name of publisher, distributor, etc. Society of Automotive Engineers,
Date of publication, distribution, etc. c1995.
300 ## - PHYSICAL DESCRIPTION
Extent xii, 963 p. :
Other physical details ill. ;
Dimensions 24 cm.
500 ## - GENERAL NOTE
General note Includes Index http://www.amazon.com/Automotive-Fuels-Reference-Book-Keith/dp/1560915897/ref=sr_1_1?s=books&ie=UTF8&qid=1413616176&sr=1-1&keywords=1560915897
500 ## - GENERAL NOTE
General note Rev. ed. of: Automotive fuels handbook. c1990.
504 ## - BIBLIOGRAPHY, ETC. NOTE
Bibliography, etc. note Includes bibliographical references and index.
650 #0 - SUBJECT ADDED ENTRY--TOPICAL TERM
Topical term or geographic name entry element Motor fuels.
General subdivision ME
700 1# - ADDED ENTRY--PERSONAL NAME
Personal name Coley, Trevor,
Dates associated with a name 1925-
700 1# - ADDED ENTRY--PERSONAL NAME
Personal name Weaver, Christopher S.
700 1# - ADDED ENTRY--PERSONAL NAME
Personal name Owen, K.
Fuller form of name (Keith).
Title of a work Automotive fuels handbook.
906 ## - LOCAL DATA ELEMENT F, LDF (RLIN)
a 7
b cbc
c orignew
d 1
e ocip
f 19
g y-gencatlg
942 ## - ADDED ENTRY ELEMENTS (KOHA)
Source of classification or shelving scheme
Koha item type Book
Holdings
Withdrawn status Lost status Source of classification or shelving scheme Damaged status Not for loan Permanent Location Current Location Shelving location Date acquired Total Checkouts Full call number Barcode Date last seen Price effective from Koha item type
          Pakistan Navy Engineering College (PNEC) Pakistan Navy Engineering College (PNEC) Reference 12/31/1997   629.2538 OWE PNECLIB-019548 10/18/2014 12/31/1997 Book
© 2023 Central Library, National University of Sciences and Technology. All Rights Reserved.